Kluby piłkarskie Emilii-Romanii - nagła śmierć - Statystyki

Ogólne statystyki
  • Ten quiz został rozwiązany 8 razy
  • Średni wynik to 3 z 9
Answers on the Grid
Answers color-coded by a green-red scale on the quiz's grid according to % correct below.
Bologna FC 1909
Hellas Verona FC
US Sassuolo Calcio
Feralpisalò
Parma Calcio 1913
Ravenna FC 1913
Reggina 1914
AC Reggiana 1914
Brescia Calcio
SPAL
Modena FC
Mantova 1911
Rimini FC 1912
Frosinone Calcio
AC Carpi
Cesena FC
ASD Torres
Calcio Lecco 1912
 
Statystyki odpowiedzi
Odpowiedź % Poprawnych
Bologna FC 1909
75%
AC Carpi
50%
Modena FC
50%
SPAL
50%
AC Reggiana 1914
25%
Parma Calcio 1913
25%
Rimini FC 1912
25%
US Sassuolo Calcio
25%
Cesena FC
0%
Nie znaleziono quizów pasujących do podanych kryteriów
Rozkład punktacji
Procent ludzi z każdym wynikiem
Percentyl według liczby udzielonych odpowiedzi
Twoja historia wyników
Nie rozwiązałeś tego quizu